| 000 | 01027nam a22002657a 4500 | ||
|---|---|---|---|
| 005 | 20240530110503.0 | ||
| 008 | 150511s2011 ua o g b 000 0 ara d | ||
| 017 |
_a2011/14536 _bمصر . دار الكتب المصرية |
||
| 020 | _a9776169597 | ||
| 040 | _aEG-CaGPL | ||
| 082 | 0 | 4 |
_221 _a303.42\ _bق/ن ث |
| 100 | 0 | _aنورا احمد حسن | |
| 245 | 1 | 0 |
_aثورة الشباب 25 يناير 2011 / _cنورا احمد حسن |
| 250 | _aط1 | ||
| 260 |
_aالقاهرة : _bمؤسسة دار الفرسان للنشر والتوزيع ، _c2011 . |
||
| 300 |
_a160 ص : _bصور ؛ _c24 سم |
||
| 504 | _aيشتمل على ارجاعات ببليوجرافية | ||
| 650 | 0 | 4 | _aالتغير الاجتماعى |
| 650 | 0 | 4 |
_aثورة 25 يناير _vدواوين وقصائد |
| 650 | 0 | 4 |
_aالثوار _zمصر |
| 651 | 0 | 4 |
_aمصر _xتاريخ _yالعصر الحديث _yثورة 25 يناير |
| 651 | 0 | 4 |
_aمصر _yثورة 25 يناير |
| 942 |
_2ddc _cBK |
||
| 999 |
_c61510 _d61510 |
||